Data and computer communications (Record no. 5687)

MARC details
000 -LEADER
fixed length control field 00327nam a2200133Ia 4500
008 - FIXED-LENGTH DATA ELEMENTS--GENERAL INFORMATION
fixed length control field 150201s2014 xx 000 0 und d
082 ## - DEWEY DECIMAL CLASSIFICATION NUMBER
Classification number 4.6
Item number STA
100 ## - MAIN ENTRY--PERSONAL NAME
Personal name Stallings, William
245 ## - TITLE STATEMENT
Title Data and computer communications
250 ## - EDITION STATEMENT
Edition statement 9th Ed.
260 ## - PUBLICATION, DISTRIBUTION, ETC. (IMPRINT)
Name of publisher, distributor, etc. Pearson
Place of publication, distribution, etc. N.Delhi
Date of publication, distribution, etc. 2014
300 ## - PHYSICAL DESCRIPTION
Extent 864p.
942 ## - ADDED ENTRY ELEMENTS (KOHA)
Source of classification or shelving scheme Dewey Decimal Classification
Koha item type Books
Koha issues (borrowed), all copies 1
Holdings
Withdrawn status Lost status Source of classification or shelving scheme Damaged status Not for loan Home library Current library Date acquired SGTU Total Checkouts Full call number Barcode Date last seen Bill Date Koha item type Date last checked out
    Dewey Decimal Classification     SGT Engineering Library SGT Engineering Library 21/01/2014 SGTU   4.6 STA FE6259 09/02/2015 09/02/2015 Books  
    Dewey Decimal Classification     SGT Engineering Library SGT Engineering Library 21/01/2014 SGTU 2 4.6 STA FE6260 29/10/2025 09/02/2015 Books 25/10/2025
    Dewey Decimal Classification     SGT Engineering Library SGT Engineering Library 21/01/2014 SGTU 1 4.6 STA FE6261 18/10/2018 09/02/2015 Books 05/10/2018
    Dewey Decimal Classification     SGT Engineering Library SGT Engineering Library 21/01/2014 SGTU   4.6 STA FE6262 09/02/2015 09/02/2015 Books  
    Dewey Decimal Classification     SGT Engineering Library SGT Engineering Library 21/01/2014 SGTU   4.6 STA FE6263 09/02/2015 09/02/2015 Books